| 000 | 01190nam a2200337Ia 4500 | ||
|---|---|---|---|
| 003 | GCL | ||
| 008 | 140319s9999 xx 000 0 ara d | ||
| 020 | _a1 453 85516 1 | ||
| 040 |
_aGCL / _cGCL |
||
| 082 | 0 | 4 |
_a214.32 _bت ن |
| 100 | 1 | _aتاكيه، راى | |
| 245 | 1 | 0 |
_aنشوء الاسلام السياسى الراديكالى وانهياره / _cتاكيه، راى |
| 700 | 1 | _aجفوسديف، نيكولاس | |
| 700 | 1 | _aحسان بستانى | |
| 250 | _aالاولى | ||
| 260 |
_aبيروت : _bدار الساقى ، _c2005 |
||
| 300 |
_a279 ص ؛ _c24 سم |
||
| 650 | 0 | 4 | _aالاسلام والمجتمع |
| 650 | 0 | 4 | _aالارهاب |
| 650 | 0 | 4 | _aالثقافة الاسلامية |
| 650 | 0 | 4 | _aالاسلام فى افغانستان |
| 650 | 0 | 4 | _aالاسلام فى السودان |
| 650 | 0 | 4 | _aالاسلام - دفع مطاعن |
| 650 | 0 | 4 | _aالاسلام السياسى |
| 650 | 0 | 4 | _aالاسلام والسياسة |
| 650 | 0 | 4 | _aالاسلام والغرب |
| 650 | 0 | 4 | _aايران - الاحوال السياسية |
| 650 | 0 | 4 | _aالاسلام فى الجزائر |
| 650 | 0 | 4 | _aالاسلام فى يوغسلافيا |
| 942 |
_2ddc _cBK |
||
| 999 |
_c9918 _d9918 |
||